A função preditora da síndrome de burnout para o turnover nos profissionais de enfermagem (Record no. 194541)
[ view plain ]
| 000 -CABECERA | |
|---|---|
| campo de control de longitud fija | 02174nab a2200289 a 4500 |
| 005 - FECHA Y HORA DE LA ÚLTIMA TRANSACCIÓN | |
| campo de control | 20210219163423.0 |
| 008 - ELEMENTOS DE LONGITUD FIJA--INFORMACIÓN GENERAL | |
| campo de control de longitud fija | 991125s1985 mx 000 0 spa u |
| 035 ## - NÚMERO DE CONTROL DEL SISTEMA | |
| Número de control de sistema | UPN01000222444 |
| 049 ## - COLECCIÓN | |
| Colección | ART |
| 100 1# - ASIENTO PRINCIPAL--NOMBRE PERSONAL | |
| Nombre de persona | Nora, Marcelo |
| 100 1# - ASIENTO PRINCIPAL--NOMBRE PERSONAL | |
| Nombre de persona | Silva, Adão Ademir da |
| 100 1# - ASIENTO PRINCIPAL--NOMBRE PERSONAL | |
| Nombre de persona | Oliveira, Manoela Ziebell de |
| 100 1# - ASIENTO PRINCIPAL--NOMBRE PERSONAL | |
| Filiación | manoela.ziebell@gmail.com |
| 222 #0 - TÍTULO CLAVE | |
| Título clave | AVANCES EN PSICOLOGIA LATINOAMERICANA |
| 245 00 - MENCIÓN DE TÍTULO | |
| Título | A função preditora da síndrome de burnout para o turnover nos profissionais de enfermagem |
| 260 ## - PUBLICACIÓN, DISTRIBUCIÓN, ETC. | |
| Lugar de publicación, distribución, etc. | Bogotá, Colombia |
| 300 ## - DESCRIPCIÓN FÍSICA | |
| Extensión | 433-445 |
| 362 0# - FECHAS DE PUBLICACIÓN Y/O DESIGNACIÓN SECUENCIAL | |
| Fecha de publicación y/o designación secuencial | 2017 Volumen 35, número 3, septiembre-diciembre |
| 520 3# - NOTA DE RESUMEN, ETC. | |
| Sumario, etc. | El objetivo del presente estudio fue investigar la relación entre el síndrome de burnout y turnover en los equipos de enfermería por medio de una revisión sistemática de la literatura nacional e internacional. Se siguieron los pasos sugeridos por el método de investigación Cochrane. La búsqueda fue realizada en los meses de febrero a abril del 2015 en las bases de datos, bdenf, lilacs, medline, pepsic, scopus y revistas capes. Solo se incluyeron los artículos completos que tenían relación directa con el tema de la investigación, publicados en el periodo comprendido entre enero de 2010 y marzo de 2015, lo que dio como resultado 14 artículos. En ellos se observó una relación positiva y predictiva entre burnout y turnover en profesionales de enfermería. Se puso en evidencia que las consecuencias del burnout y turnover recaen sobre el profesional doliente, el equipo que permanece en el trabajo y también sobre la organización del hospital. La relación burnout-turnover entre el personal de enfermería es un asunto serio y necesita ser tratado preventivamente con acciones de formación y atención con todo el equipo |
| 653 0# - TERMINO DE INDIZACION - NO CONTROLADO | |
| Término no controlado | SINDROME DE BURNOUT |
| 653 0# - TERMINO DE INDIZACION - NO CONTROLADO | |
| Término no controlado | TURNOVER |
| 653 0# - TERMINO DE INDIZACION - NO CONTROLADO | |
| Término no controlado | PERSONAL DE ENFERMERIA |
| 856 4# - LOCALIZACIÓN Y ACCESO ELECTRÓNICOS | |
| Identificador Uniforme del Recurso | <a href="http://www.scielo.org.co/pdf/apl/v35n3/1794-4724-apl-35-03-00433.pdf">http://www.scielo.org.co/pdf/apl/v35n3/1794-4724-apl-35-03-00433.pdf</a> |
| 856 4# - LOCALIZACIÓN Y ACCESO ELECTRÓNICOS | |
| Identificador Uniforme del Recurso | <a href="https://revistas.urosario.edu.co/index.php/apl/article/view/3799/3932">https://revistas.urosario.edu.co/index.php/apl/article/view/3799/3932</a> |
| 856 4# - LOCALIZACIÓN Y ACCESO ELECTRÓNICOS | |
| Identificador Uniforme del Recurso | <a href="Doi: http://dx.doi.org/10.12804/revistas.urosario.edu.co/apl/a.3799">Doi: http://dx.doi.org/10.12804/revistas.urosario.edu.co/apl/a.3799</a> |
| 905 ## - TIPO DE MATERIAL | |
| Tipo de material | Articulo |
No items available.
